Normal view
MARC view
- NC MUHAMMAD ABDULREHMAN NC MUHAMMAD SOHAIB AHMED ASC JUNAID DAUD BALOUCH PC HASNAIN MUSHTAQ
Entry Personal Name
001 - CONTROL NUMBER
- control field: 96507
003 - CONTROL NUMBER IDENTIFIER
- control field: NUST
005 - DATE AND TIME OF LATEST TRANSACTION
- control field: 20220804104420.0
008 - FIXED-LENGTH DATA ELEMENTS
- fixed length control field: 220804|| aca||aabn | a|a d
040 ## - CATALOGING SOURCE
- Original cataloging agency: NUST
- Transcribing agency: NUST
100 ## - HEADING--PERSONAL NAME
- Personal name: NC MUHAMMAD ABDULREHMAN NC MUHAMMAD SOHAIB AHMED ASC JUNAID DAUD BALOUCH PC HASNAIN MUSHTAQ
670 ## - SOURCE DATA FOUND
- Source citation: Work cat.: (NUST): NC MUHAMMAD ABDULREHMAN NC MUHAMMAD SOHAIB AHMED ASC JUNAID DAUD BALOUCH PC HASNAIN MUSHTAQ, PR-SOF-2102-Inertial Navigation System, 2022.
